| 000 | 01352nam a2200289 a 4500 | ||
|---|---|---|---|
| 001 | BRCA_4950 | ||
| 005 | 20190320204855.0 | ||
| 008 | 221010s1813----mx-#######---#000-0#spa-# | ||
| 041 | _aspa | ||
| 044 | _amx | ||
| 084 |
_aDOC43 _b.I88 _c1824 |
||
| 100 | 1 |
_aIturbide, Agustín de _d1783-1824 _912581 |
|
| 245 | 1 | 0 |
_aDocumento firmado por Don Agustín de Iturbide _cAgustín de Iturbide ; Conde de Pérez Gálvez. |
| 260 |
_aIrapuato, Gto., México _c1813 |
||
| 300 |
_a[4] fojas _c21 x 25 cm. |
||
| 500 | _aDocumento firmado el 18 de junio de 1813. | ||
| 500 | _aDocumento autógrafo de Don Agustín de Iturbide, dirigido al Coronel Conde de Pérez Gálvez desde Irapuato en la que le pide cuenta de los gastos de la guarnición de esa Villa para cumplir con las disposiciones del Virrey. | ||
| 500 | _aEl documento contiene la leyenda DOC. #52. | ||
| 500 | _aEstado de conservación: contiene restos de pegamento por cinta adhesiva. | ||
| 506 | 0 | _aFondo Reservado. Para su consulta es necesario credencial de usuario y carta de motivos. | |
| 546 | _aTexto en : español de principios del siglo XIX. | ||
| 600 | 1 | 4 |
_aIturbide, Agustín de _d1783-1824 _xHistoria _912582 |
| 651 | 4 |
_aMéxico _xHistoria _yGuerra de independencia, 1810-1824 _zIrapuato, Gto. _912583 |
|
| 700 | 1 |
_aPeréz Galvéz _cConde de _912584 |
|
| 902 | _aFDH | ||
| 942 |
_2lcc _cD |
||
| 999 |
_c4644 _d4644 |
||